[Event "IECG QN.1999.0.00067"]
[Site "IECG email"]
[Date "1999.07.10"]
[Round "?"]
[White "Poblete, Litos"]
[Black "Lok, Francis"]
[Result "1-0"]
[WhiteElo "800"]
[BlackElo "800"]
[PlyCount "43"]
[EventDate "1999.07.10"]
[EventType "tourn (corr)"]
[EventRounds "6"]
[SourceTitle "Corr 2008"]
[Source "ChessBase"]
[SourceDate "2008.06.24"]
[SourceVersion "1"]
[SourceVersionDate "2008.06.24"]
[SourceQuality "1"]

1. d4 d5 2. c4 Nf6 3. cxd5 Nxd5 4. e4 Nf6 5. Nc3 e6 6. Bg5 Be7 7. Nf3 b6 8. Bc4 Nxe4 9. Nxe4 h6 10. Bxe7 Qxe7 11. 0-0 Ba6 12. Bxa6 Nd7 13. Rc1 0-0 14. Rxc7 f5 15. Ne5 fxe4 16. Rxd7 Qg5 17. Bc4 e3 18. Bxe6+ Kh7 19. Qd3+ Kh8 20. Ng6+ Qxg6 21. Qxg6 exf2+ 22. Kh1 1-0